Taylor Swift 35 - Statistics

General Stats
  • This quiz has been taken 17 times
  • The average score is 286 of 431
Answer Stats
Answer % Correct
a
100%
and
100%
for
100%
I
100%
in
100%
it
100%
it's
100%
me
100%
see
100%
the
100%
this
100%
to
100%
what
100%
when
100%
where
100%
you
100%
your
100%
be
91%
but
91%
go
91%
I'm
91%
is
91%
my
91%
no
91%
of
91%
oh
91%
on
91%
that
91%
who
91%
by
82%
can
82%
do
82%
I've
82%
know
82%
one
82%
our
82%
there
82%
too
82%
up
82%
was
82%
we're
82%
all
73%
can't
73%
down
73%
from
73%
get
73%
like
73%
mine
73%
now
73%
at
64%
because
64%
did
64%
every
64%
had
64%
look
64%
these
64%
things
64%
didn't
55%
just
55%
loved
55%
night
55%
right
55%
think
55%
want
55%
with
55%
away
45%
beautiful
45%
eyes
45%
him
45%
into
45%
make
45%
rain
45%
takes
45%
yet
45%
best
36%
face
36%
fool
36%
give
36%
goddamn
36%
good
36%
guess
36%
haven't
36%
head
36%
hope
36%
lay
36%
leave
36%
making
36%
man
36%
met
36%
new
36%
next
36%
she'll
36%
smile
36%
sorry
36%
tell
36%
through
36%
true
36%
used
36%
would've
36%
above
27%
acid
27%
across
27%
after
27%
begin
27%
behind
27%
believe
27%
blood
27%
body
27%
both
27%
curses
27%
dancing
27%
deepest
27%
dividing
27%
dress
27%
facts
27%
fury
27%
given
27%
glorious
27%
great
27%
happiness
27%
Heaven
27%
hiding
27%
history
27%
honey
27%
hurt
27%
hurts
27%
leak
27%
light
27%
mean
27%
midnight
27%
music
27%
nightfall
27%
paid
27%
past
27%
pillow
27%
price
27%
pulled
27%
reinvention
27%
seven
27%
shit
27%
showed
27%
smirk
27%
spot
27%
spots
27%
start
27%
stopped
27%
sunrise
27%
teaches
27%
terror
27%
there'll
27%
trees
27%
villain
27%
winning
27%
wore
27%
years
27%
beyond
18%
bruise
18%
cries
18%
dappled
18%
disbelief
18%
divide
18%
fake
18%
flickers
18%
forgiveness
18%
giving
18%
green
18%
haunted
18%
lessons
18%
lifetime
18%
niceties
18%
pointed
18%
weapons
18%
No matching quizzes found
Score Distribution
Percent of People with Each Score
Percentile by Number Answered
Your Score History
You have not taken this quiz